| 000 | 00803nam a22002057a 4500 | ||
|---|---|---|---|
| 003 | BD-DhUL | ||
| 005 | 20220525102419.0 | ||
| 008 | 170427s2017 bg a|||| |||| 000 0 ben | ||
| 020 | _a9789849264385 (hbk) | ||
| 040 |
_aBD-DhUL _cBD-DhUL |
||
| 082 |
_a954.92 _bRAE |
||
| 100 | 1 | _aরাশদী, আন্দালিব | |
| 245 | 0 | 0 |
_aএকাত্তরের দলিল : _bখণ্ড ১ / _cরচনা ও অনুবাদ, আন্দালিব রাশদী । |
| 260 |
_aঢাকা : _bআলোঘর, _c২০১৭ (২০১৮ মুদ্রণ) । |
||
| 300 |
_aখ. : _bচিত্র ; _c২২ সেমি. |
||
| 365 |
_cBDT _b450.00 |
||
| 651 | 4 |
_aবাংলাদেশ _xইতিহাস । |
|
| 651 | 4 |
_aBangladesh _xHistory. |
|
| 942 |
_2ddc _cBK |
||
| 999 |
_c193818 _d193818 |
||